| 000 | 01165nam a2200313 a 4500 | ||
|---|---|---|---|
| 003 | AR-BaBNM | ||
| 005 | 20251128202917.0 | ||
| 008 | 082120s2002 ||||||||||||||000 | spa|| | ||
| 040 | _cAR-BaBNM | ||
| 245 | 0 | 0 | _aCurriculum y administración escolar |
| 250 | _a1ª ed. | ||
| 260 |
_aBuenos Aires _bPaidós _bCentro Regional de Ayuda Técnica. Agencia para el Desarrollo Internacional _c1969 |
||
| 300 |
_a141 p. _bdiagr. |
||
| 500 | _aEsta publicación ha sido preparada conjuntamente por la editorial y el Centro Regional de Ayuda Técnica, Agencia para el Desarrollo Internacional AID, Departamento de Estado del Gobierno de los Estados Unidos de América. El Centro es una organización dedi | ||
| 504 | _aBibliografía: p. 137-141 | ||
| 650 | 4 | _aCURRICULO | |
| 650 | 4 | _aADMINISTRACION ESCOLAR | |
| 650 | 4 | _aORGANIZACION ESCOLAR | |
| 650 | 4 | _aPERFECCIONAMIENTO DEL DOCENTE | |
| 650 | 4 | _aROL DEL DOCENTE | |
| 650 | 4 | _aPLANIFICACION ESCOLAR | |
| 700 | 1 | _aPurdy, Robert J. | |
| 700 | 1 | _aFinch, Arnold | |
| 700 | 1 | _aShufelt, Laura M. | |
| 700 | 1 | _aPrestwood, Elwood L. | |
| 700 | 1 |
_aWolfson, Leandro _etraductor |
|
| 942 | _cBK | ||
| 998 | _csilvi | ||
| 999 |
_c1153 _d1153 |
||